Marinera (Record no. 174041)
[ view plain ]
| 000 -LEADER | |
|---|---|
| campo de control de longitud fija | 00802namaa22001691 4500 |
| 001 - NÚMERO DE CONTROL | |
| campo de control | 174041 |
| 003 - IDENTIFICADOR DE NÚMERO DE CONTROL | |
| campo de control | ES-MaACL |
| 005 - FECHA Y HORA DE LA ÚLTIMA TRANSACCIÓN | |
| campo de control | 20231223063116.0 |
| 008 - DATOS DE LONGITUD FIJA--INFORMACIÓN GENERAL | |
| campo de control de longitud fija | 100209s1907 sp |||| | spa d |
| 100 1# - ENTRADA PRINCIPAL--NOMBRE DE PERSONA | |
| Nombre de persona | Dicenta, Joaquín, |
| Fechas asociadas al nombre | 1863-1917 |
| 9 (RLIN) | 44474 |
| 245 10 - MENCIÓN DEL TÍTULO | |
| Título | Marinera |
| Resto del título | : monólogo en un acto y en prosa / |
| Mención de responsabilidad, etc. | original de Joaquín Dicenta. |
| 260 ## - PUBLICACIÓN, DISTRIBUCIÓN, ETC. | |
| Lugar de publicación, distribución, etc. | Madrid : |
| Nombre del editor, distribuidor, etc. | Sociedad de Autores Españoles, |
| Fecha de publicación, distribución, etc. | 1907 ( |
| Fabricante | R. Velasco) |
| 300 ## - DESCRIPCIÓN FÍSICA | |
| Extensión | 12 p., 1 h. ; |
| Dimensiones | 20 cm. |
| 500 ## - NOTA GENERAL | |
| Nota general | En port.: Estrenado en el teatro de la Princesa para beneficio de la actriz Aguglia Farran, el 11 de febrero de 1907. |
| 852 ## - LOCALIZACIÓN | |
| Ubicación | ES-MaACL |
| Número de control de estantería | F-8647(5) |
| Nota libre | .- Enc. hol., conservando cubierta original |
| -- | .- Enc. en un vol. facticio formando parte de la col. facticia "Teatro español moderno" v. 104 |
| Estatus retirado | Estado de pérdida | Estado de daño | No para préstamo | Biblioteca de origen | Biblioteca actual | Ubicación en estantería | Fecha de adquisición | Fuente de adquisición | Total de préstamos | Signatura topográfica completa | Código de barras | Visto por última vez | Precio de reemplazo | Tipo de ítem Koha |
|---|---|---|---|---|---|---|---|---|---|---|---|---|---|---|
| Biblioteca del Ateneo de Madrid | Biblioteca del Ateneo de Madrid | Sala Pecera Planta 2 | 09/02/2010 | F-8647(5) | 1182690 | 23/02/2023 | 23/02/2023 | Libro impreso |
